000 02013cam a22004214i 4500
003 PE-LiUPU
005 20250731173125.0
008 150623s r 000 0 d
035 _a(Sirsi) a25909
040 _aPE-LiUPU
_bspa
_cPE-LiUPU
_erda
082 0 4 _a241.5
_bG34E
_221
100 1 _aGeisler, Norman L.,
_eautor.
245 1 0 _aEthics :
_balternatives and issues /
_cNorman L. Geisler.
264 1 _aGrand Rapids, Michigan :
_bZondervan Publishing House,
_c1976.
300 _a270 páginas ;
_c22 cm.
336 _atext
_2rdacontent
337 _aunmediated
_2rdamedia
338 _avolume
_2rdacarrier
504 _aIncluye bibliografía.
505 0 _aEthical alternatives: Basic ethical approaches and altenatives. Antinomianism: there are no norms. Generalism: there are no universal norms. Situationism: there is one universal norm. Non-conflicting absolutism: there are many no-conflicting universal norms. Ideal absolutism: there are many conflicting universal norms. Hierarchicalism: There are hierarchicallyordered universal norms. Ethical issues: The christian and self-love. The christian and war. The christian and social responsibility. The christian and sex. The christian and birth control and abortion. The christian and mercy-killing, suicide, and capital punishment. The christian and ecology.
526 _aSEG42
526 _aSEG41
526 _aSEG40
526 _aSEG39
526 _aP94
526 _aP87
526 _aP86
526 _aP85
526 _aP77
526 _aP76
526 _aP35
650 0 4 _aÉtica cristiana.
_91047
942 _2ddc
_cBOOK
949 _a241.5 G34E
_wDEWEY
_c1
_i51179
_lCCODEBUL1
_mBUL
_p12.00
_r0
_sY
_tBOOK
_u2015-06-24
_xTEOLOGIA
_PP35
_0COMPRA
_o.STAFF. Colección General
596 _a1
999 _a241.5 G34E
_wDEWEY
_c32882
_i51179
_f2021-11-10
_g5
_lCCODEBUL1
_mBUL
_p12.00
_r0
_sY
_tBOOK
_u2015-6-24
_xTEOLOGIA
_PP35
_0COMPRA
_o.STAFF. Colección General
_d32882
980 _81
_gALBERTO SANCHEZ Responsable de Automatización